[Event "Konnerud Tempo høstturnering 2023"]
[Site "Malmveien 15"]
[Date "2023.08.16"]
[Round "6"]
[White "Simula, Leon"]
[Black "Taksrud, Vidar"]
[Result "1-0"]
[WhiteElo "2075"]
[BlackElo "1888"]
[PlyCount "129"]
[EventDate "2023.??.??"]

1. d4 d5 2. c4 c6 3. Nf3 Nf6 4. Nc3 Bf5 5. Qb3 Qb6 6. Qxb6 axb6 7. cxd5 Nxd5 8. Nxd5 cxd5 9. e3 Nc6 10. Bb5 f6 11. Bd2 Kf7 12. O-O Na7 13. Be2 Nc8 14. Rfc1 Nd6 15. Bb4 Ne8 16. Bb5 g5 17. a3 Rd8 18. Ba4 Bd7 19. Bb3 e6 20. Bxf8 Rxf8 21. Rc3 Ke7 22. Rac1 Nd6 23. h4 g4 24. Ne1 Rc8 25. Nd3 Rxc3 26. Rxc3 Rc8 27. Rxc8 Bxc8 28. Bd1 f5 29. Kh2 Bd7 30. a4 Be8 31. Kg3 b5 32. a5 Nc4 33. b4 Bc6 34. Kf4 Kf6 35. f3 gxf3 36. Bxf3 h6 37. g4 fxg4 38. Bxg4 Bd7 39. Nc5 Bc8 40. e4 dxe4 41. Nxe4+ Ke7 42. Be2 Na3 43. Bd3 Bd7 44. Nc5 Bc6 45. Kg4 Kd6 46. Kh5 Kd5 47. Nb3 Nc4 48. Kxh6 e5 49. dxe5 Nxe5 50. Be2 Be8 51. h5 Nc6 52. Bxb5 Bxh5 53. Kxh5 Nxb4 54. Kg5 Na6 55. Bf1 Nc5 56. Bg2+ Kc4 57. Nxc5 Kxc5 58. Bxb7 Kb5 59. a6 Kb6 60. Kf4 Ka7 61. Ke4 Kb6 62. Kd4 Ka7 63. Kc5 Kb8 64. Kb5 Ka7 65. Bg2
1-0

[Event "Konnerud Tempo høstturnering 2023"]
[Site "Malmveien 15"]
[Date "2023.08.16"]
[Round "6"]
[White "Rorvik, Jon Fredrik"]
[Black "Lundstad, Andreas"]
[Result "1-0"]
[WhiteElo "2131"]
[BlackElo "1585"]
[Annotator "haav-"]
[PlyCount "52"]
[EventDate "2023.??.??"]

1. c4 e5 2. g3 Nc6 3. Bg2 f5 4. a3 a5 5. e3 Nf6 6. Nc3 g6 7. b3 Bg7 8. Bb2 O-O 9. Nge2 f4 10. exf4 Ng4 11. Nd5 Ne7 12. h3 Nxf2 13. Kxf2 exf4 14. Bxg7 fxg3+ 15. Kg1 Kxg7 16. Nxg3 Nxd5 17. cxd5 c6 18. Qe2 Re8 19. Qd3 Qe7 20. Kh2 Rf8 21. d6 Qg5 22. Rhf1 b6 23. Qd4+ Rf6 24. Ne4 c5 25. Qxf6+ Qxf6 26. Nxf6 Ra7
1-0

[Event "Konnerud Tempo høstturnering 2023"]
[Site "Malmveien 15"]
[Date "2023.08.16"]
[Round "6"]
[White "Lurdalen, Svein Erik"]
[Black "Kierulf, Villum Brevick"]
[Result "1-0"]
[WhiteElo "1718"]
[BlackElo "1856"]
[Annotator "haav-"]
[PlyCount "110"]
[EventDate "2023.??.??"]

1. b4 d5 2. Bb2 Nd7 3. e3 e5 4. a3 Bd6 5. c4 c6 6. Nf3 Ngf6 7. Qb3 e4 8. Nd4 Ne5 9. c5 Bc7 10. Nc3 Nfg4 11. Nd1 Qh4 12. g3 Qf6 13. Be2 Nh6 14. Nc3 Bg4 15. O-O-O Bxe2 16. Ncxe2 Nd3+ 17. Kb1 Qe7 18. f4 Nf2 19. Nxc6 bxc6 20. Bxg7 Rg8 21. Bxh6 Nxh1 22. Rxh1 a5 23. Bg5 f6 24. Bh4 axb4 25. axb4 Kf7 26. Nd4 Qd7 27. Kc2 Ra7 28. Ne2 Rb8 29. Rb1 Rba8 30. Qc3 Ra2+ 31. Rb2 Bd8 32. Nc1 Ra1 33. Nb3 Rh1 34. Rb1 Rxh2 35. Ra1 Rxa1 36. Qxa1 Qb7 37. Qa4 Rh1 38. Nd4 Bc7 39. Qxc6 Qxc6 40. Nxc6 Ra1 41. Nd4 h5 42. Kb2 Ra8 43. b5 Ba5 44. b6 Bxd2 45. b7 Rb8 46. c6 Ba5 47. Nb5 Ke7 48. Kb3 Bb6 49. Kc3 d4+ 50. Nxd4 Bxd4+ 51. Kxd4 Kd6 52. Bxf6 Kxc6 53. Kxe4 Kxb7 54. Kf5 Rg8 55. Bh4 Kc6
1-0

[Event "Konnerud Tempo høstturnering 2023"]
[Site "Malmveien 15"]
[Date "2023.08.16"]
[Round "6"]
[White "Berg, Odd Gunnstein"]
[Black "Aure, Anders Nilsson"]
[Result "1/2-1/2"]
[WhiteElo "1590"]
[BlackElo "1878"]
[PlyCount "96"]
[EventDate "2023.??.??"]

1. d4 Nf6 2. Bf4 g6 3. Nc3 d5 4. e3 Bg7 5. h4 h5 6. Nf3 O-O 7. Be2 Nbd7 8. Ne5 c6 9. f3 Qa5 10. Qd2 c5 11. Nb5 Qxd2+ 12. Kxd2 Nxe5 13. Bxe5 Be6 14. dxc5 Ne4+ 15. fxe4 Bxe5 16. Nd4 Bxd4 17. exd4 dxe4 18. b4 f5 19. Rhd1 f4 20. a4 Bd5 21. c4 e3+ 22. Kd3 Bxg2 23. Rg1 Bh3 24. Rxg6+ Kh7 25. Rg5 Bf5+ 26. Kc3 Bg4 27. Bd3+ Kh8 28. Re1 e6 29. Be4 f3 30. Rxe3 f2 31. Bg2 f1=Q 32. Bxf1 Rxf1 33. d5 Rc1+ 34. Kd4 Rd1+ 35. Kc3 Rc1+ 36. Kd4 Rd1+ 37. Kc3 exd5 38. cxd5 Rc1+ 39. Kd4 a5 40. Re7 Rd1+ 41. Kc4 Rc1+ 42. Kd4 Rd1+ 43. Kc4 Rc1+ 44. Kd4 axb4 45. Rgg7 b3 46. Rh7+ Kg8 47. Rhg7+ Kf8 48. Rgf7+ Kg8
1/2-1/2

[Event "Konnerud Tempo høstturnering 2023"]
[Site "Malmveien 15"]
[Date "2023.08.16"]
[Round "6"]
[White "Selmer, Thorgrim Juhani"]
[Black "Sørjordet, Anders"]
[Result "1-0"]
[WhiteElo "1565"]
[BlackElo "1670"]
[PlyCount "96"]
[EventDate "2023.??.??"]

1. Nf3 e6 2. d4 Nf6 3. c4 b6 4. g3 Bb7 5. Bg2 Bb4+ 6. Nbd2 O-O 7. a3 Bxd2+ 8. Bxd2 d6 9. O-O Nbd7 10. Re1 h6 11. b4 Ne4 12. Qc2 Nxd2 13. Qxd2 Nf6 14. Rad1 Ne4 15. Qc2 Rb8 16. d5 Nf6 17. e4 e5 18. a4 Bc8 19. Rb1 Bg4 20. c5 bxc5 21. bxc5 Qe7 22. c6 Nh7 23. Rxb8 Rxb8 24. Rb1 Rf8 25. Rb7 a6 26. Qc3 f5 27. Nh4 Qf7 28. exf5 Bxf5 29. Nxf5 Qxf5 30. Qb2 Ng5 31. Rxc7 Nf3+ 32. Bxf3 Qxf3 33. Qd2 h5 34. h4 e4 35. Qd4 Qg4 36. Re7 Rb8 37. Qxe4 Qxe4 38. Rxe4 Rb1+ 39. Kg2 Rc1 40. Re6 Kf8 41. Rxd6 Rc5 42. Rd8+ Ke7 43. Rd7+ Ke8 44. Rxg7 Rxd5 45. c7 Rc5 46. Rg8+ Kd7 47. c8=Q+ Rxc8 48. Rxc8 Kxc8
1-0

[Event "Konnerud Tempo høstturnering 2023"]
[Site "Malmveien 15"]
[Date "2023.08.16"]
[Round "7"]
[White "Carlsen, Christian Heen"]
[Black "Simula, Leon"]
[Result "0-1"]
[WhiteElo "2076"]
[BlackElo "2075"]
[Annotator "haav-"]
[PlyCount "102"]
[EventDate "2023.??.??"]

1. e4 c5 2. Nf3 d6 3. d4 cxd4 4. Nxd4 Nf6 5. Nc3 a6 6. Bg5 e6 7. f4 Nbd7 8. Qf3 Qc7 9. O-O-O b5 10. Bd3 Be7 11. Rhe1 Bb7 12. Nd5 Nxd5 13. exd5 Bxg5 14. Rxe6+ Be7 15. Nf5 fxe6 16. Nxg7+ Kd8 17. Nxe6+ Kc8 18. Nxc7 Kxc7 19. Bf5 Bf6 20. Bxd7 Kxd7 21. g4 h6 22. g5 hxg5 23. Qg4+ Kc7 24. fxg5 Rag8 25. g6 Rh6 26. a4 Rgxg6 27. Qb4 Rg2 28. axb5 Rhxh2 29. b6+ Kd7 30. c3 Bg5+ 31. Kb1 Rxb2+ 32. Qxb2 Rxb2+ 33. Kxb2 Be3 34. c4 Bxb6 35. Rh1 Kc7 36. Kb3 Bc8 37. Ra1 a5 38. Ka4 Bd7+ 39. Kb3 a4+ 40. Kb4 Bc5+ 41. Kc3 a3 42. Rb1 Bf5 43. Ra1 Be4 44. Kb3 Kb6 45. Re1 Bg6 46. Ra1 Ka5 47. Re1 Bh5 48. Kc3 Ka4 49. Rh1 Bb4+ 50. Kc2 Bg6+ 51. Kc1 Kb3
0-1

[Event "Konnerud Tempo høstturnering 2023"]
[Site "Malmveien 15"]
[Date "2023.08.16"]
[Round "7"]
[White "Taksrud, Vidar"]
[Black "Rorvik, Jon Fredrik"]
[Result "1/2-1/2"]
[WhiteElo "1888"]
[BlackElo "2131"]
[Annotator "haav-"]
[PlyCount "41"]
[EventDate "2023.??.??"]

1. Nf3 d5 2. d4 e6 3. g3 Nf6 4. Bg2 Be7 5. O-O Nbd7 6. c4 c6 7. b3 Ne4 8. Qc2 O-O 9. Nc3 f5 10. Bb2 Qe8 11. Ne5 Qh5 12. e3 Nef6 13. Qe2 Qh6 14. f3 Bd6 15. e4 dxe4 16. fxe4 Bxe5 17. dxe5 Ng4 18. h3 Ngxe5 19. exf5 exf5 20. Nd5 cxd5 21. Bxe5
1/2-1/2

[Event "Konnerud Tempo høstturnering 2023"]
[Site "Malmveien 15"]
[Date "2023.08.16"]
[Round "7"]
[White "Lundstad, Andreas"]
[Black "Lurdalen, Svein Erik"]
[Result "0-1"]
[WhiteElo "1585"]
[BlackElo "1718"]
[Annotator "haav-"]
[PlyCount "62"]
[EventDate "2023.??.??"]

1. e4 c5 2. Nc3 Nc6 3. f4 g6 4. Nf3 Bg7 5. Bb5 e6 6. Bxc6 bxc6 7. d3 d5 8. O-O Ne7 9. Qe1 Ba6 10. Na4 c4 11. f5 cxd3 12. fxe6 O-O 13. Nc5 d2 14. Nxd2 Bxf1 15. Nxf1 Qb6 16. Be3 d4 17. Nd7 Qxb2 18. Rb1 Qxc2 19. Nxf8 dxe3 20. Nd7 fxe6 21. Qb4 e2 22. e5 Nd5 23. Qb7 Rd8 24. h3 Qd1 25. Rxd1 exd1=Q 26. Qxc6 Ne3 27. Qxe6+ Kh8 28. Qf7 Nxf1 29. e6 Bd4+ 30. Kh1 Nd2+ 31. Kh2 Bg1+
0-1

[Event "Konnerud Tempo høstturnering 2023"]
[Site "Malmveien 15"]
[Date "2023.08.16"]
[Round "7"]
[White "Kierulf, Villum Brevick"]
[Black "Selmer, Thorgrim Juhani"]
[Result "1-0"]
[WhiteElo "1856"]
[BlackElo "1565"]
[Annotator "haav-"]
[PlyCount "67"]
[EventDate "2023.??.??"]

1. c4 e5 2. Nc3 Bc5 3. Nf3 d6 4. g3 Nc6 5. Bg2 Nf6 6. O-O Bf5 7. d3 e4 8. Nh4 Bg6 9. Nxg6 hxg6 10. Nxe4 Bd4 11. Rb1 Nxe4 12. Bxe4 f5 13. Bg2 Bf6 14. e4 Qd7 15. exf5 O-O-O 16. fxg6 Qf5 17. Qf3 Qxg6 18. b4 Rdf8 19. b5 Bd4 20. Qe4 Qxe4 21. Bxe4 Ne5 22. Be3 Bb6 23. Bxb6 axb6 24. f4 Ng4 25. h4 Ne3 26. Rf2 Re8 27. Re1 d5 28. Rxe3 dxe4 29. Rxe4 Rd8 30. d4 c6 31. bxc6 bxc6 32. Rd2 Rh5 33. Re5 Rh6 34. Kf2
1-0

[Event "Konnerud Tempo høstturnering 2023"]
[Site "Malmveien 15"]
[Date "2023.08.16"]
[Round "7"]
[White "Sørjordet, Anders"]
[Black "Berg, Odd Gunnstein"]
[Result "0-1"]
[WhiteElo "1670"]
[BlackElo "1590"]
[Annotator "haav-"]
[PlyCount "70"]
[EventDate "2023.??.??"]

1. d4 Nf6 2. c4 e5 3. dxe5 Ng4 4. Nf3 Nc6 5. e3 Bc5 6. Be2 Ngxe5 7. O-O O-O 8. b3 a5 9. Bb2 Re8 10. Nc3 Ra6 11. Nd5 Nxf3+ 12. Bxf3 Ne5 13. Be2 Rh6 14. g3 c6 15. Nf4 d6 16. Nd3 Nxd3 17. Qxd3 Qd7 18. h4 Qh3 19. Bd4 g5 20. Bf3 gxh4 21. Bg2 Qg4 22. Bxc5 dxc5 23. e4 Rg6 24. Rae1 hxg3 25. fxg3 Qxg3 26. Qxg3 Rxg3 27. Rf3 Rxf3 28. Bxf3 Rd8 29. Re2 Rd3 30. Kf2 Kg7 31. Kg3 h5 32. Kf4 Rxf3+ 33. Kxf3 Bg4+ 34. Ke3 Bxe2 35. Kxe2 Kg6
0-1

[Event "Konnerud Tempo høstturnering 2023"]
[Site "Malmveien 15"]
[Date "2023.08.16"]
[Round "8"]
[White "Simula, Leon"]
[Black "Aure, Anders Nilsson"]
[Result "1-0"]
[WhiteElo "2075"]
[BlackElo "1878"]
[Annotator "haav-"]
[PlyCount "75"]
[EventDate "2023.??.??"]

1. d4 Nf6 2. c4 g6 3. f3 d5 4. cxd5 Nxd5 5. e4 Nf6 6. Nc3 Bg7 7. Be3 O-O 8. Bc4 c5 9. dxc5 Qa5 10. Nge2 Nc6 11. O-O Ne5 12. Bb3 Nfd7 13. Na4 Rd8 14. Qc2 Nc6 15. Rfd1 Nde5 16. Rxd8+ Qxd8 17. Rd1 Qc7 18. a3 Bd7 19. Ba2 a5 20. Nb6 Rd8 21. Nd5 Qb8 22. h3 Bxh3 23. gxh3 Nxf3+ 24. Kf1 Qh2 25. Nxe7+ Kf8 26. Rxd8+ Nxd8 27. c6 bxc6 28. Nxc6 Ne6 29. Bxe6 fxe6 30. Qc5+ Kg8 31. Qe7 Qxh3+ 32. Kf2 Bf8 33. Qe8 Nh2 34. Ne7+ Kg7 35. Bd4+ Kh6 36. Qxf8+ Kg5 37. Qf4+ Kh5 38. Ng3+
1-0

[Event "Konnerud Tempo høstturnering 2023"]
[Site "Malmveien 15"]
[Date "2023.08.16"]
[Round "8"]
[White "Rorvik, Jon Fredrik"]
[Black "Carlsen, Christian Heen"]
[Result "1/2-1/2"]
[WhiteElo "2131"]
[BlackElo "2076"]
[Annotator "haav-"]
[PlyCount "39"]
[EventDate "2023.??.??"]

1. c4 c6 2. Nf3 Nf6 3. g3 d5 4. b3 Bg4 5. Bb2 Nbd7 6. Bg2 e6 7. O-O Be7 8. d4 O-O 9. Nc3 Re8 10. h3 Bh5 11. Re1 h6 12. e4 dxe4 13. Nxe4 Nxe4 14. Rxe4 Qa5 15. Qc1 Bf6 16. Bc3 Qc7 17. Qb2 Bg6 18. Re3 Rac8 19. Rae1 Red8 20. Nd2
1/2-1/2

[Event "Konnerud Tempo høstturnering 2023"]
[Site "Malmveien 15"]
[Date "2023.08.16"]
[Round "8"]
[White "Lurdalen, Svein Erik"]
[Black "Taksrud, Vidar"]
[Result "1/2-1/2"]
[WhiteElo "1718"]
[BlackElo "1888"]
[Annotator "haav-"]
[PlyCount "150"]
[EventDate "2023.??.??"]

1. e4 Nc6 2. Nf3 e5 3. d4 exd4 4. Nxd4 Nxd4 5. Qxd4 Nf6 6. Bd3 d5 7. Bg5 dxe4 8. Qxd8+ Kxd8 9. Bxf6+ gxf6 10. Bxe4 Bb4+ 11. c3 Re8 12. Nd2 f5 13. O-O-O fxe4 14. cxb4 Bd7 15. Nc4 Kc8 16. Rhe1 f5 17. Rd4 Be6 18. g4 a5 19. b5 a4 20. gxf5 Bxf5 21. f3 Rd8 22. Rxd8+ Kxd8 23. fxe4 Be6 24. Rd1+ Ke7 25. Rd4 Rg8 26. b3 axb3 27. axb3 Rg5 28. e5 Rg1+ 29. Kc2 Bd7 30. Rh4 Bf5+ 31. Kc3 Re1 32. Kd2 Rb1 33. Ne3 Bg6 34. Rc4 Kd7 35. Nd5 Rb2+ 36. Kc3 Rc2+ 37. Kb4 c6 38. bxc6+ bxc6 39. Rxc2 Bxc2 40. Ne3 Bg6 41. Kc5 Bf7 42. b4 Bb3 43. Kd4 Ba2 44. Ng4 Ke6 45. Nf6 Bb1 46. Ne4 Kf5 47. Nd2 Ba2 48. Nc4 Bb3 49. Na5 Ba4 50. Nb7 h5 51. Nc5 Bc2 52. e6 Kf6 53. Ke3 Ke5 54. Nd3+ Kxe6 55. Nf4+ Kf5 56. Nxh5 Kg4 57. Nf4 Bf5 58. Nd3 Kh3 59. Ne5 Bc2 60. Nxc6 Ba4 61. Ne5 Kxh2 62. Kd4 Kg3 63. Kc5 Kf4 64. Kd6 Ke4 65. Nc6 Kd3 66. Kc5 Kc3 67. Na7 Kd3 68. Nb5 Ke3 69. Kb6 Bc2 70. Nd6 Bd3 71. Kc5 Kd2 72. Nc4+ Kc3 73. b5 Bxc4 74. b6 Ba6 75. b7 Bxb7
1/2-1/2

[Event "Konnerud Tempo høstturnering 2023"]
[Site "Malmveien 15"]
[Date "2023.08.16"]
[Round "8"]
[White "Kierulf, Villum Brevick"]
[Black "Lundstad, Andreas"]
[Result "1-0"]
[WhiteElo "1856"]
[BlackElo "1585"]
[Annotator "haav-"]
[PlyCount "75"]
[EventDate "2023.??.??"]

1. c4 e5 2. Nc3 Bb4 3. Nd5 Bc5 4. e3 c6 5. Nc3 Bb4 6. g3 Bxc3 7. bxc3 d5 8. d4 e4 9. cxd5 cxd5 10. c4 Nf6 11. Qb3 O-O 12. cxd5 Nxd5 13. Bc4 Nb6 14. Ba3 Nxc4 15. Bxf8 Be6 16. Ba3 Nc6 17. Qc3 b5 18. Bc5 a5 19. Ne2 Bg4 20. Nf4 g5 21. Ng2 h5 22. a4 Nb4 23. Bxb4 axb4 24. Qxb4 h4 25. gxh4 Bh3 26. Rg1 Kh7 27. Qxb5 Qa5+ 28. Qxa5 Rxa5 29. O-O-O Bg4 30. Rde1 Rxa4 31. hxg5 Ra2 32. Nf4 Bd7 33. Kb1 Rxf2 34. Rg2 Nd2+ 35. Kb2 Rxg2 36. Nxg2 Nf3 37. Rc1 Nxh2 38. Rh1
1-0

[Event "Konnerud Tempo høstturnering 2023"]
[Site "Malmveien 15"]
[Date "2023.08.16"]
[Round "8"]
[White "Selmer, Thorgrim Juhani"]
[Black "Berg, Odd Gunnstein"]
[Result "1/2-1/2"]
[WhiteElo "1565"]
[BlackElo "1590"]
[Annotator "haav-"]
[PlyCount "77"]
[EventDate "2023.??.??"]

1. Nf3 Nf6 2. d4 c5 3. dxc5 Qa5+ 4. Nbd2 e6 5. c3 Qxc5 6. Nb3 Qc7 7. g3 Nc6 8. Bg2 Be7 9. Nbd4 a6 10. Nxc6 bxc6 11. Bf4 Qb6 12. Qc2 O-O 13. O-O Bb7 14. Rad1 Rad8 15. Ne5 d6 16. Nc4 Qc7 17. Qa4 e5 18. Be3 Nd7 19. Qa5 Qb8 20. Qa3 Rfe8 21. Qb3 d5 22. Na5 Ba8 23. Qxb8 Rxb8 24. b4 Bd8 25. Nb3 Nb6 26. f4 Nc4 27. Bc5 Bb6 28. Rc1 exf4 29. Rxf4 Rxe2 30. Bf1 Rxa2 31. Bxb6 Nxb6 32. Na5 Re8 33. Bxa6 c5 34. Bb5 Re7 35. Rcf1 cxb4 36. cxb4 Nc8 37. Nc6 Bxc6 38. Bxc6 Rd2 39. R4f2
1/2-1/2

[Event "Konnerud Tempo høstturnering 2023"]
[Site "Malmveien 15"]
[Date "2023.08.16"]
[Round "9"]
[White "Sørjordet, Anders"]
[Black "Simula, Leon"]
[Result "0-1"]
[WhiteElo "1670"]
[BlackElo "2075"]
[Annotator "haav-"]
[PlyCount "100"]
[EventDate "2023.??.??"]

1. d4 Nf6 2. c4 c5 3. d5 b5 4. cxb5 a6 5. b6 d6 6. Nc3 Nbd7 7. e4 g6 8. Be2 Bg7 9. Nf3 O-O 10. O-O Qxb6 11. h3 Rb8 12. Qc2 Ne8 13. Rb1 Nc7 14. Na4 Qb7 15. b3 Nb5 16. Bb2 Bxb2 17. Rxb2 Nf6 18. Bd3 Bd7 19. Nc3 Rfc8 20. Ne2 Na3 21. Qd2 c4 22. Bb1 Qb4 23. Nc3 Qa5 24. Rc1 cxb3 25. Rxb3 Rxb3 26. axb3 Nxb1 27. Nxb1 Rxc1+ 28. Qxc1 Nxe4 29. Qc4 f5 30. Qd3 Qc5 31. Qe3 Qxd5 32. Nbd2 Nxd2 33. Nxd2 e5 34. Qg5 Qe6 35. Nc4 d5 36. Qd8+ Kg7 37. Nb6 Bc6 38. Qc7+ Kh6 39. Qd8 d4 40. Nc4 Bd5 41. Nd6 d3 42. Ne8 g5 43. Nc7 Qg8 44. Qxd5 Qxd5 45. Nxd5 Kg6 46. Kf1 e4 47. Ke1 f4 48. b4 Kf5 49. Nc7 e3 50. Nxa6 d2+
0-1

[Event "Konnerud Tempo høstturnering 2023"]
[Site "Malmveien 15"]
[Date "2023.08.16"]
[Round "9"]
[White "Carlsen, Christian Heen"]
[Black "Lurdalen, Svein Erik"]
[Result "1-0"]
[WhiteElo "2076"]
[BlackElo "1718"]
[Annotator "haav-"]
[PlyCount "59"]
[EventDate "2023.??.??"]

1. e4 c5 2. Nf3 d6 3. d4 cxd4 4. Nxd4 Nf6 5. Nc3 a6 6. Bg5 e6 7. f4 Nbd7 8. Qe2 Qc7 9. O-O-O b5 10. g4 Bb7 11. Bg2 b4 12. Nd5 exd5 13. exd5+ Be7 14. Nf5 O-O 15. Nxe7+ Kh8 16. Bxf6 Nxf6 17. g5 Ng8 18. Nxg8 Rxg8 19. Be4 a5 20. Bxh7 g6 21. Bxg8 Kxg8 22. f5 Ba6 23. Qd2 gxf5 24. g6 f6 25. g7 Rc8 26. Kb1 Qc4 27. Rhg1 f4 28. Qg2 Qe2 29. Qh3 Qe8 30. Rde1
1-0

[Event "Konnerud Tempo høstturnering 2023"]
[Site "Malmveien 15"]
[Date "2023.08.16"]
[Round "9"]
[White "Taksrud, Vidar"]
[Black "Kierulf, Villum Brevick"]
[Result "0-1"]
[WhiteElo "1888"]
[BlackElo "1856"]
[Annotator "haav-"]
[PlyCount "70"]
[EventDate "2023.??.??"]

1. d4 Nf6 2. Nf3 e6 3. Bg5 d5 4. e3 Be7 5. Nbd2 O-O 6. Bd3 Nbd7 7. c3 c5 8. O-O b6 9. Re1 Bb7 10. Rc1 Ne4 11. Bxe7 Qxe7 12. Ne5 Nxe5 13. dxe5 f6 14. Nxe4 dxe4 15. Bc4 Rad8 16. exf6 Qxf6 17. Qe2 Bd5 18. Bb5 e5 19. Red1 Kh8 20. c4 Be6 21. Rxd8 Rxd8 22. Rd1 Bf7 23. h3 h5 24. Rd2 Bg6 25. Qd1 Rd3 26. Rxd3 exd3 27. Qf3 Qxf3 28. gxf3 d2 29. Ba4 Bd3 30. Bd1 Bxc4 31. b3 Bd3 32. h4 b5 33. f4 exf4 34. Bxh5 c4 35. bxc4 bxc4
0-1

[Event "Konnerud Tempo høstturnering 2023"]
[Site "Malmveien 15"]
[Date "2023.08.16"]
[Round "10"]
[White "Simula, Leon"]
[Black "Berg, Odd Gunnstein"]
[Result "1-0"]
[WhiteElo "2075"]
[BlackElo "1590"]
[Annotator "haav-"]
[PlyCount "39"]
[EventDate "2023.??.??"]

1. d4 Nf6 2. c4 e5 3. dxe5 Ng4 4. Bf4 Nc6 5. Nf3 Bb4+ 6. Nbd2 Qe7 7. a3 Ngxe5 8. Nxe5 Nxe5 9. e3 Bc5 10. b4 Bd4 11. Ra2 d6 12. Be2 Bb6 13. O-O O-O 14. Qc2 Bg4 15. Bxg4 Nxg4 16. Nb3 c6 17. Rd1 Rad8 18. Nd4 d5 19. Nf5 Qe6 20. c5
1-0

[Event "Konnerud Tempo høstturnering 2023"]
[Site "Malmveien 15"]
[Date "2023.08.16"]
[Round "10"]
[White "Rorvik, Jon Fredrik"]
[Black "Sørjordet, Anders"]
[Result "1/2-1/2"]
[WhiteElo "2131"]
[BlackElo "1670"]
[Annotator "haav-"]
[PlyCount "113"]
[EventDate "2023.??.??"]

1. c4 c5 2. Nc3 Nc6 3. g3 Nf6 4. Bg2 g6 5. e4 Bg7 6. Nge2 d6 7. h3 O-O 8. O-O Ne8 9. f4 Nd4 10. d3 Bd7 11. Kh2 Bc6 12. Rb1 f5 13. Be3 e5 14. Qd2 Nc7 15. Nd5 Nce6 16. Nec3 Qd7 17. b4 b6 18. Rf2 exf4 19. Nxf4 Rae8 20. b5 Ba8 21. Rbf1 Nxf4 22. Bxf4 Kh8 23. Bh6 Bxh6 24. Qxh6 Qg7 25. Qd2 fxe4 26. Nxe4 Bxe4 27. Bxe4 Qe7 28. Qh6 Rxf2+ 29. Rxf2 Qg7 30. Qf4 Qe7 31. Qf6+ Qxf6 32. Rxf6 Ne6 33. Bd5 Nc7 34. Be4 Kg7 35. Rxd6 Re7 36. a4 Ne6 37. a5 bxa5 38. Ra6 Ng5 39. Rxa5 Nxe4 40. dxe4 Kf6 41. Kg2 Ke5 42. Kf3 Kd4 43. Ra4 Kc3 44. Ke3 Kb3 45. Ra6 Kxc4 46. b6 axb6 47. Rxb6 Kc3 48. h4 c4 49. Rb5 Kc2 50. e5 c3 51. Ke2 Kc1 52. g4 c2 53. h5 gxh5 54. gxh5 Re6 55. Rc5 Kb1 56. Rb5+ Kc1 57. Rc5
1/2-1/2

[Event "Konnerud Tempo høstturnering 2023"]
[Site "Malmveien 15"]
[Date "2023.08.16"]
[Round "10"]
[White "Lurdalen, Svein Erik"]
[Black "Aure, Anders Nilsson"]
[Result "1/2-1/2"]
[WhiteElo "1718"]
[BlackElo "1878"]
[Annotator "haav-"]
[PlyCount "47"]
[EventDate "2023.??.??"]

1. e4 c5 2. Nc3 Nc6 3. g3 g6 4. Bg2 Bg7 5. f4 e6 6. Nf3 Nge7 7. d3 d5 8. e5 f6 9. exf6 Bxf6 10. O-O O-O 11. Ne2 e5 12. fxe5 Nxe5 13. c3 Bg4 14. Bh6 Nxf3+ 15. Bxf3 Bxf3 16. Bxf8 Bxe2 17. Qxe2 Qxf8 18. Qe6+ Qf7 19. Qd7 Nc6 20. Qd6 Be7 21. Qc7 Bf6 22. Qd6 Be7 23. Qc7 Bf6 24. Qd6
1/2-1/2

[Event "Konnerud Tempo høstturnering 2023"]
[Site "Malmveien 15"]
[Date "2023.08.16"]
[Round "10"]
[White "Kierulf, Villum Brevick"]
[Black "Carlsen, Christian Heen"]
[Result "1/2-1/2"]
[WhiteElo "1856"]
[BlackElo "2076"]
[Annotator "haav-"]
[PlyCount "110"]
[EventDate "2023.??.??"]

1. c4 e5 2. Nc3 Nc6 3. Nf3 f5 4. d4 e4 5. Ng5 Nf6 6. e3 Bb4 7. Bd2 O-O 8. c5 d5 9. cxd6 cxd6 10. a3 Bxc3 11. bxc3 Qe7 12. Qb3+ Kh8 13. c4 f4 14. g3 fxe3 15. Bxe3 Ng4 16. h4 Qf6 17. O-O-O Nxf2 18. Bxf2 Qxf2 19. Nxe4 Nxd4 20. Qd3 Qf3 21. Qxf3 Nxf3 22. Nxd6 b6 23. Bg2 Bg4 24. Rhf1 Rab8 25. Bxf3 Bxf3 26. Rd3 Bc6 27. Rxf8+ Rxf8 28. Nf7+ Kg8 29. Ne5 Ba4 30. Kd2 Re8 31. Nf3 h6 32. Kc3 Re7 33. Nd4 Bd7 34. Nb5 Bf5 35. Rf3 g6 36. Nd4 Bg4 37. Rd3 Kg7 38. Nc6 Rc7 39. Ne5 Be6 40. Rd6 Kf6 41. Nc6 g5 42. hxg5+ hxg5 43. Kd4 Kf5 44. g4+ Kf6 45. Ke4 Rd7 46. Rxd7 Bxd7 47. Nxa7 Bxg4 48. Nc6 Bc8 49. Nd4 Bb7+ 50. Ke3 Ke5 51. Nb3 Kd6 52. a4 Ba6 53. Kd4 g4 54. c5+ bxc5+ 55. Nxc5 Bc8
1/2-1/2

[Event "Konnerud Tempo høstturnering 2023"]
[Site "Malmveien 15"]
[Date "2023.08.16"]
[Round "10"]
[White "Lundstad, Andreas"]
[Black "Taksrud, Vidar"]
[Result "0-1"]
[WhiteElo "1585"]
[BlackElo "1888"]
[Annotator "haav-"]
[PlyCount "98"]
[EventDate "2023.??.??"]

1. e4 g6 2. d4 Bg7 3. Nc3 d6 4. Bf4 e5 5. dxe5 dxe5 6. Qxd8+ Kxd8 7. O-O-O+ Bd7 8. Be3 Ne7 9. f4 Nbc6 10. Nf3 f6 11. Bc4 Kc8 12. Rhf1 a6 13. fxe5 fxe5 14. Ng5 Bh6 15. h4 Bg4 16. Rd3 b5 17. Bb3 b4 18. Nd5 Be2 19. Nxe7+ Nxe7 20. Rf7 Bxd3 21. cxd3 Nc6 22. Bd5 Nd8 23. Rf6 c6 24. Bxc6 Nxc6 25. Rxc6+ Kd7 26. Rb6 Rhb8 27. Rf6 Rf8 28. Rb6 Rf1+ 29. Kc2 Rh1 30. Rb7+ Kc6 31. Rb6+ Kd7 32. Rb7+ Kc8 33. Rxh7 Bxg5 34. Bxg5 Rh2 35. Bf6 Rxg2+ 36. Kb3 Rd2 37. Bxe5 Rxd3+ 38. Kxb4 Re3 39. Rh8+ Kb7 40. Rh7+ Kc6 41. Ka5 Rxe4 42. Rc7+ Kd5 43. Bf6 Rf8 44. Bg5 Kd6 45. Ra7 Rf5+ 46. Kxa6 Ra4+ 47. Kb6 Rb4+ 48. Ka6 Kc6 49. Bd8 Ra4+
0-1

[Event "Konnerud Tempo høstturnering 2023"]
[Site "Malmveien 15"]
[Date "2023.08.16"]
[Round "11"]
[White "Berg, Odd Gunnstein"]
[Black "Rorvik, Jon Fredrik"]
[Result "0-1"]
[WhiteElo "1590"]
[BlackElo "2131"]
[Annotator "haav-"]
[PlyCount "32"]
[EventDate "2023.??.??"]

1. d4 Nf6 2. Bf4 d5 3. e3 e6 4. Nf3 Be7 5. Bd3 Nbd7 6. Nbd2 Nh5 7. Bg3 Nxg3 8. hxg3 h6 9. c3 c5 10. Qe2 Qc7 11. e4 cxd4 12. Nxd4 dxe4 13. Nxe4 a6 14. Bc2 b6 15. Qg4 Rg8 16. Rxh6 Ne5
0-1

[Event "Konnerud Tempo høstturnering 2023"]
[Site "Malmveien 15"]
[Date "2023.08.16"]
[Round "11"]
[White "Aure, Anders Nilsson"]
[Black "Kierulf, Villum Brevick"]
[Result "1-0"]
[WhiteElo "1878"]
[BlackElo "1856"]
[Annotator "haav-"]
[PlyCount "45"]
[EventDate "2023.??.??"]

1. Nf3 Nf6 2. g3 d5 3. Bg2 c5 4. O-O Nc6 5. d4 Bg4 6. dxc5 e6 7. c4 Bxc5 8. cxd5 Nxd5 9. Qa4 h5 10. Ne5 Bxe2 11. Nxc6 Qf6 12. Nd4+ b5 13. Qc2 Bxf1 14. Qxc5 Bxg2 15. Qc6+ Ke7 16. Qb7+ Kd6 17. Nxb5+ Kc5 18. b4+ Kxb4 19. Nxa7+ Kc5 20. Qc6+ Kd4 21. Bb2+ Ke4 22. Qc2+ Kf3 23. Bxf6
1-0

[Event "Konnerud Tempo høstturnering 2023"]
[Site "Malmveien 15"]
[Date "2023.08.16"]
[Round "11"]
[White "Carlsen, Christian Heen"]
[Black "Lundstad, Andreas"]
[Result "1-0"]
[WhiteElo "2076"]
[BlackElo "1585"]
[PlyCount "69"]
[EventDate "2023.??.??"]

1. e4 e6 2. d4 d5 3. Nc3 Nf6 4. Bg5 h6 5. Bxf6 gxf6 6. exd5 exd5 7. Qf3 Be6 8. O-O-O c6 9. Bd3 f5 10. Nh3 Qf6 11. Rhe1 Kd7 12. Nf4 Bd6 13. Kb1 Na6 14. Nh5 Qg5 15. h4 Qg6 16. Ne2 Rhg8 17. Nef4 Bxf4 18. Nxf4 Qf6 19. Bxa6 bxa6 20. Nd3 f4 21. Ne5+ Kc7 22. Rd3 Rab8 23. g3 Bf5 24. Qxf4 Kb7 25. g4 Qxh4 26. Qxf5 Ka8 27. Rb3 Qe7 28. Rh1 f6 29. Rxb8+ Rxb8 30. Nxc6 Rxb2+ 31. Kxb2 Qb7+ 32. Kc1 Qxc6 33. Rxh6 Kb7 34. Rxf6 Qb5 35. Qh7+
1-0